000 01268nam0a2200325 4500
001 RU\NLR\BIBL_A\022639931
005 20251230111137.0
010 _a978-5-00198-532-7
021 _aRU
_bКН-П-25-050124
_9КН-П-25-4844
035 _a(NLR Aleph) 022639931
090 _a13513801
_c13513801
100 _a20251009d2025 u y0rusy50 ca
101 1 _arus
_ceng
102 _aRU
105 _aa z 000ay
181 0 _ai
_baxxe
182 0 _an
200 1 _aНевероятный медовый месяц
_fЭдит Несбит
_gперевод с английского Г. Эрли
_gхудож. Анна Власова
203 _aТекст
_bвизуальный
_cнепосредственный
210 _aМосква
_cЭНАС-КНИГА
_d2025
215 _a189, [2] с.
_cил.
_d22
225 1 _aДорога к счастью
333 _a12+
686 1 _aШ6(4Вл)67-440.4{Лх1297-50}
700 1 _7ca
_8rus
_aНесбит
_bЭ.
_f1858-1924
_gЭдит
_918619
_3RU\NLR\AUTH\7735622
702 1 _4440
_7ca
_8rus
_aВласова
_bА. Ю.
_cхудожник-иллюстратор
_f1953-
_gАнна Юльевна
_928296
_3RU\NLR\AUTH\7745358
942 _cBOOK
980 _aNB